Verdad y realidades (Record no. 106898)

MARC details
000 -LEADER
campo de control de longitud fija 00533nam a2200169 4500
001 - NÚMERO DE CONTROL
campo de control 106898
003 - IDENTIFICADOR DE NÚMERO DE CONTROL
campo de control ES-MaACL
005 - FECHA Y HORA DE LA ÚLTIMA TRANSACCIÓN
campo de control 20230906184313.0
007 - CAMPO FIJO DE DESCRIPCIÓN FÍSICA--INFORMACIÓN GENERAL
campo de control de longitud fija t|
008 - DATOS DE LONGITUD FIJA--INFORMACIÓN GENERAL
campo de control de longitud fija 061121s1919 sp r ||||1| spa d
100 1# - ENTRADA PRINCIPAL--NOMBRE DE PERSONA
Nombre de persona Moreno Molina, Juan.
9 (RLIN) 83404
245 10 - MENCIÓN DEL TÍTULO
Título Verdad y realidades
Resto del título : ante la avalancha /
Mención de responsabilidad, etc. por Juan sin Tierra [seud.] ; prólogo de Julio Senador Gómez.
260 ## - PUBLICACIÓN, DISTRIBUCIÓN, ETC.
Lugar de publicación, distribución, etc. Málaga :
Nombre del editor, distribuidor, etc. Enrique de Montes,
Fecha de publicación, distribución, etc. [1919]
300 ## - DESCRIPCIÓN FÍSICA
Extensión 211 p. ;
Dimensiones 19 cm.
700 1# - ENTRADA AGREGADA--NOMBRE PERSONAL
Nombre de persona Gómez, Julio Senador.
9 (RLIN) 57780
852 ## - LOCALIZACIÓN
Ubicación ES-MaACL
Número de control de estantería G-3396
Holdings
Estatus retirado Estado de pérdida Estado de daño No para préstamo Biblioteca de origen Biblioteca actual Ubicación en estantería Fecha de adquisición Fuente de adquisición Total de préstamos Signatura topográfica completa Código de barras Visto por última vez Precio de reemplazo Tipo de ítem Koha
        Biblioteca del Ateneo de Madrid Biblioteca del Ateneo de Madrid Depósito 2 17/01/2008     G-3396 1111579 23/02/2023 23/02/2023 Libro impreso